000 00342nam a2200157 4500
008 190521s2005||||CZ d
100 1 _aJordánová Zdenka
_91111
245 1 0 _aPoznej svuj cíl
260 _bVodnár
_aPraha
_c2005
250 _a1.vydanie
300 _a169s.
020 _c0
041 1 _acze
044 _aCZ
958 _aA
999 _c22405
_d22405